Countries Edan has been to - Statistics

General Stats
  • This quiz has been taken 3 times
  • The average score is 4 of 7
Answer Stats
Answer % Correct
United Kingdom
100%
Austria
67%
China
67%
Ireland
67%
Spain
67%
Morocco
33%
Portugal
33%
No matching quizzes found
Score Distribution
Percent of People with Each Score
Percentile by Number Answered
Your Score History
You have not taken this quiz